00421nam a22001337a 4500040000900000100002700009245006900036250000900105260003000114300001000144942001200154999001900166952010200185 cSCME aDavid R.Gaskell954515 aAn introduction to transport phenomena in materials engineering  a2nd. aNew JersybMomentum press a660p. 2ddccBK c590195d590195 00102ddc4070aSCMEbSCMEd2022-06-27l0o620.1129 G248ApSCME-4816r2022-06-27w2022-06-27yBK